Fundamentos de fisica

Gorde:
Xehetasun bibliografikoak
Egile nagusia: Semat, Henry, n. 1900
Beste egile batzuk: Baumel, Philip
Formatua: Liburua
Hizkuntza:Spanish
Argitaratua: México : Interamericana, 1976.
Gaiak:
Etiketak: Etiketa erantsi
Etiketarik gabe, Izan zaitez lehena erregistro honi etiketa jartzen!

MARC

LEADER 00000nam a2200000Ia 4500
003 002170
005 20221231143957.0
008 140114s1976 mx a 000 ||spa d
020 |a 968250483X 
040 |c cru CEDI 
082 |a  530.1 S471f 
100 |a Semat, Henry, n. 1900  |9 21342 
245 |a Fundamentos de fisica 
260 |a  México : Interamericana,   |c 1976. 
300 |a  564 páginas ; 26 cm 
650 |x FISICA  |9 21344 
700 |9 21343  |a Baumel, Philip 
942 |2 ddc  |c BK 
999 |c 15090  |d 15090